| 000 | 00378nam a22001457a 4500 | ||
|---|---|---|---|
| 020 | _a9814053848 | ||
| 040 | _cNUST | ||
| 082 |
_a530.8 _bBEN |
||
| 100 |
_aJohn P. Bentley _9125354 |
||
| 245 | _aPrinciples of Measurement Systems | ||
| 250 | _aThird Edition | ||
| 260 |
_aIndia: _bLibrary of congress, _c2000. |
||
| 650 | _2Principles of Measurement Systems | ||
| 942 |
_2ddc _cBK |
||
| 999 |
_c611110 _d611110 |
||